00512cam a2200181 a 450000100100000000500170001000800410002702000150006804000230008308200250010610000290013124500420016025000120020226000450021430000210025965000240028065000260030400000958220200929161631.0960521s1997 sp 001 1 spa  a8420428485 aDO-SdBNPcDLCdDLC a863.64bM333cu, 19971 aMarías, Javier,d1951-10aCuando fui mortal /cJavier Marías. a11a ed. aMadrid :bAlfguara ;bSantillana,c1997. a241 p. ;c22 cm. 4aCuentos españoles 4aLiteratura española